000 00647nam a2200265Ia 4500
005 20260121161335.0
008 008 260114s9999 xx 000 0 eng d
020 _a9780429494499
037 _aEBOOK
040 _aCRL
040 _beng
040 _cCRL
041 _2eng
041 _aeng
084 _qCRL
100 _aThe Government And Politics Of Israel
_91043196
245 0 _aDonald Peretz
260 _bTaylor and Francis
260 _c1997
650 _aMiddle East Studies
_91043197
856 _uhttp://www.taylorfrancis.com/books/9780429494499
942 _cEBOOK
999 _c1610000
_d1610000